| 000 | 00598nam a2200169Ia 4500 | ||
|---|---|---|---|
| 008 | 231019s9999||||xx |||||||||||||| ||und|| | ||
| 020 | _a978-602-9328-64-6 | ||
| 040 | _aID-SmMUS | ||
| 084 | _a128-0213 DAN Gov Bo.1 | ||
| 100 | _aSudarwan Danim | ||
| 245 | 0 | _aMenjadi Pemimpin Besar Visioner Berkarakter: Visi, Transaksi, Transformasi, dan Karakter Kepemimpinan dan Manajemen Satuan Pendidikan Era Pergolakan Otoritas Negara | |
| 250 | _aKe-1 | ||
| 260 |
_aBandung _bAlfabeta _c2012 |
||
| 300 | _ai-x + 261 hlm | ||
| 650 |
_aGovernment, Pemerintahan _eG-O-V _vKarakter Kepemimpinan |
||
| 942 | _cBK | ||
| 999 |
_c23621 _d23612 |
||